000 00502nam a2200181Ia 4500
008 220216s9999 xx 000 0 und d
100 _a
_AIshikawa S
_cet al
245 0 _aOrganelle DNA polymorphism in apple cultivars and rootstocks
260 _bTheoretical and Applied Genetics
_c1992
300 _a963-967
650 _aApple
650 _aChloroplast DNA
650 _aCytoplasmic diversity
650 _aGel electrophoresis
650 _aMitochondrial DNA
650 _aRFLP
942 _cJS
999 _c64458
_d64458